书目信息 |
| 题名: |
物理化学
|
|
| 作者: | 高丕英 , 李江波 编 | |
| 分册: | ||
| 出版信息: | 北京 科学出版社 2007.09 |
|
| 页数: | 425页 | |
| 开本: | 24cm | |
| 丛书名: | ||
| 单 册: | ||
| 中图分类: | O64 | |
| 科图分类: | ||
| 主题词: | 物理化学--wu li hua xue--高等学校--教材 | |
| 电子资源: | ||
| ISBN: | 978-7-03-019615-6 | |
| 000 | 00908nam0 2200253 450 | |
| 001 | 012007846575 | |
| 005 | 20071130201457.90 | |
| 010 | @a978-7-03-019615-6@dCNY33.00 | |
| 100 | @a20071130d2007 km y0chiy0120 ea | |
| 101 | 0 | @achi |
| 102 | @aCN@b110000 | |
| 105 | @ay z 000yy | |
| 106 | @ar | |
| 200 | 1 | @a物理化学@Awu li hua xue@f高丕英,李江波编@Fgao pi ying,li jiang bo bian |
| 210 | @a北京@c科学出版社@d2007.09 | |
| 215 | @a425页@d24cm | |
| 300 | @a21世纪高等院校教材 | |
| 330 | @a本书阐述了物理化学基本概念和基本理论,介绍了不可逆过程热力学、超临界萃取、分子反应动态学、酶催化反应、生物与环境电化学、两亲分子有序组合体等反映学科前沿的内容,强化了物理化学基本原理的应用。 | |
| 606 | 0 | @a物理化学@Awu li hua xue@x高等学校@j教材 |
| 690 | @aO64@v4 | |
| 701 | 0 | @a高丕英@Agao pi ying@4编 |
| 701 | 0 | @a李江波@Ali jiang bo@4编 |
| 801 | 0 | @aCN@bQSSK@c20071130 |
| 905 | @b268638-40@dO64@eG168@f3 | |
| 物理化学/高丕英,李江波编.-北京:科学出版社,2007.09 |
| 425页;24cm |
| 21世纪高等院校教材 |
| ISBN 978-7-03-019615-6:CNY33.00 |
| 本书阐述了物理化学基本概念和基本理论,介绍了不可逆过程热力学、超临界萃取、分子反应动态学、酶催化反应、生物与环境电化学、两亲分子有序组合体等反映学科前沿的内容,强化了物理化学基本原理的应用。 |
| ● |
| 相关链接 |
|
|
|
正题名:物理化学
索取号:O64/G168
 
预约/预借
| 序号 | 登录号 | 条形码 | 馆藏地/架位号 | 状态 | 备注 |
| 1 | 268638 | 202686389 | 自科库401/401自科库 94排1列4层/ [索取号:O64/G168] | 在馆 | |
| 2 | 268639 | 202686398 | 自科库401/401自科库 94排1列4层/ [索取号:O64/G168] | 在馆 | |
| 3 | 268640 | 202686405 | 自科库401/401自科库 94排1列4层/ [索取号:O64/G168] | 在馆 |